000 00480nam a2200181Ia 4500
001 14451
003 GE_BSU
008 181216s||||||||xx |||||||||||||| ||und||
040 _cGE_BSU
080 _a821.111-3
100 _aCooke,Ctenson
245 _aThis Motoring. Being the romantic Story of the Automobile Association
260 _aLondon
300 _a268p.18cm.
653 _aBeing the romantic Story of the Automobile Association
653 _aThis Motoring
942 _cBK
999 _c47584
_d47584